000
00277nam a22001217a 4500
082
_a
004
_b
MIN/P
100
_a
MIND PARLOUR
245
_a
PROGRAMMING IN ASP.NET
260
_a
BANGALORE
_b
MIND PARLOUR
300
_a
138
650
_a
COMPUTER SCIENCE REFERENCE
_z
INDIA
942
_c
BK
999
_c
1699
_d
1699